all gnomes in pvz - Statistics

General Stats
  • This quiz has been taken 2 times
  • The average score is 6 of 23
Answer Stats
Answer % Correct
explody gnome
100%
shooty gnome
100%
diamond gnome
50%
giga gnome
50%
golden gnome
50%
shieldy gnome
50%
sir baff
50%
sir biff
50%
sir boff
50%
blue gnome king imposter
0%
Chip
0%
gnome floatie
0%
gnomus the gnome king imposter
0%
green gnome king imposter
0%
jukebox gnome
0%
mallet gnome
0%
Mr lucky
0%
red gnome king imposter
0%
rux
0%
sven
0%
the brothers gnomus
0%
wingding
0%
yellow gnome king imposter
0%
No matching quizzes found
Score Distribution
Percent of People with Each Score
Percentile by Number Answered
Your Score History
You have not taken this quiz